[Event "Mecklenburg VP-ch Seniors op 09th"]
[Site "Binz"]
[Date "2009.12.07"]
[Round "7.15"]
[White "Perk, Egbert"]
[Black "Schlag, Franz"]
[Result "1-0"]
[WhiteElo "1826"]
[BlackElo "1955"]
[PlyCount "117"]
[EventDate "2009.12.01"]
[EventType "swiss"]
[EventRounds "9"]
[EventCountry "GER"]
[SourceTitle "EXT 2022"]
[Source "ChessBase"]
[SourceDate "2021.10.06"]
[SourceVersion "1"]
[SourceVersionDate "2021.10.06"]
[SourceQuality "1"]

1. Nf3 c5 2. d4 cxd4 3. Nxd4 d5 4. e3 a6 5. Be2 Nf6 6. 0-0 e5 7. Nb3 Be6 8. f4 exf4 9. exf4 Qc8 10. Be3 Nc6 11. c3 Be7 12. N1d2 0-0 13. Kh1 Bf5 14. Nd4 Nxd4 15. Bxd4 Re8 16. Bf3 Qd7 17. Re1 h6 18. Qb3 Rad8 19. Re2 Bg4 20. Rae1 Bxf3 21. Nxf3 Qc7 22. Bb6 Qd7 23. Bxd8 Bxd8 24. Rxe8+ Nxe8 25. Ne5 Qe6 26. Rd1 Nf6 27. c4 d4 28. Rxd4 Bb6 29. c5 Qxb3 30. axb3 Bxc5 31. Rd8+ Kh7 32. Nd7 b6 33. Nxc5 bxc5 34. Ra8 Nd5 35. Rxa6 Nxf4 36. Rb6 Nd3 37. Rc6 g5 38. Kg1 h5 39. Kf1 f5 40. g3 h4 41. gxh4 g4 42. Rd6 Nc1 43. Rf6 Nxb3 44. Rxf5 Kh6 45. Rd5 c4 46. Kg2 Nc1 47. Kf2 Nd3+ 48. Rxd3 cxd3 49. b4 Kh5 50. b5 Kxh4 51. b6 d2 52. Ke2 Kh3 53. b7 d1Q+ 54. Kxd1 Kxh2 55. b8Q+ Kg2 56. Ke2 g3 57. Qb7+ Kg1 58. Kf3 g2 59. Qb2 1-0

[Event "Mecklenburg VP-ch Seniors op 09th"]
[Site "Binz"]
[Date "2009.12.06"]
[Round "6.18"]
[White "Schlag, Franz"]
[Black "Kreie, Guenther"]
[Result "1/2-1/2"]
[WhiteElo "1955"]
[BlackElo "1809"]
[PlyCount "89"]
[EventDate "2009.12.01"]
[EventType "swiss"]
[EventRounds "9"]
[EventCountry "GER"]
[SourceTitle "EXT 2022"]
[Source "ChessBase"]
[SourceDate "2021.10.06"]
[SourceVersion "1"]
[SourceVersionDate "2021.10.06"]
[SourceQuality "1"]

1. Nc3 d5 2. e4 dxe4 3. Nxe4 e5 4. Bc4 Be7 5. d3 Nf6 6. Qe2 0-0 7. Nf3 Nc6 8. 0-0 Bg4 9. c3 Qd7 10. Be3 Qf5 11. Ng3 Bxf3 12. Qxf3 Qxf3 13. gxf3 g6 14. b4 Rad8 15. Rad1 a6 16. a3 Nd5 17. Ne2 Nxe3 18. fxe3 Bg5 19. f4 exf4 20. exf4 Bf6 21. d4 Ne7 22. Ng3 Nd5 23. Bxd5 Rxd5 24. Rde1 Bh4 25. Kg2 f5 26. Re2 Kf7 27. Rd1 Rfd8 28. Nf1 R5d7 29. Nd2 Re7 30. Rxe7+ Bxe7 31. Nc4 c6 32. Kf3 Bf6 33. Re1 Rd7 34. Ne5+ Bxe5 35. Rxe5 Re7 36. c4 b5 37. cxb5 axb5 38. Rc5 Ra7 39. Rxc6 Rxa3+ 40. Ke2 Ra2+ 41. Ke3 Rxh2 42. Rb6 Rh3+ 43. Ke2 Rh4 44. Ke3 Rh3+ 45. Ke2 1/2-1/2

[Event "Mecklenburg VP-ch Seniors op 09th"]
[Site "Binz"]
[Date "2009.12.02"]
[Round "2.22"]
[White "Schlag, Franz"]
[Black "Fleischer, Matthias"]
[Result "1/2-1/2"]
[WhiteElo "1955"]
[BlackElo "1761"]
[PlyCount "62"]
[EventDate "2009.12.01"]
[EventType "swiss"]
[EventRounds "9"]
[EventCountry "GER"]
[SourceTitle "EXT 2022"]
[Source "ChessBase"]
[SourceDate "2021.10.06"]
[SourceVersion "1"]
[SourceVersionDate "2021.10.06"]
[SourceQuality "1"]

1. e4 c5 2. b4 cxb4 3. a3 e6 4. axb4 Bxb4 5. c3 Be7 6. d4 d6 7. Bd3 Nf6 8. f4 0-0 9. Nf3 Qc7 10. 0-0 d5 11. e5 Ne8 12. Ba3 f5 13. Bxe7 Qxe7 14. c4 b6 15. cxd5 exd5 16. Nc3 Nc7 17. Qb3 Bb7 18. Rac1 Nba6 19. Rb1 Kh8 20. Rfe1 Rad8 21. Qa4 Ra8 22. Nd1 Nb8 23. Ne3 g6 24. Rec1 Ne6 25. g3 Qd8 26. Rc3 a6 27. Rbc1 b5 28. Qb4 Re8 29. h4 Qb6 30. Qd6 Qxd6 31. exd6 b4 1/2-1/2

[Event "GER-chT Seniors 18th"]
[Site "Finsterbergen"]
[Date "2009.09.16"]
[Round "5"]
[White "Schlag, Franz"]
[Black "Micheel, Peter"]
[Result "1-0"]
[WhiteElo "2103"]
[BlackElo "1961"]
[PlyCount "85"]
[EventDate "2009.09.12"]
[EventType "team-swiss"]
[EventRounds "7"]
[EventCountry "GER"]
[SourceTitle "CBM 132 Extra"]
[Source "ChessBase"]
[SourceDate "2009.11.03"]
[SourceVersion "1"]
[SourceVersionDate "2009.11.03"]
[SourceQuality "1"]

1. e4 d5 2. Nc3 d4 3. Nce2 c5 4. Ng3 Nc6 5. a3 Nf6 6. Bc4 h5 7. d3 h4 8. N3e2 h3 9. g3 Ne5 10. Bb5+ Nfd7 11. Bxd7+ Bxd7 12. f4 Nc6 13. Nf3 Bg4 14. 0-0 Qd7 15. Ne5 Nxe5 16. fxe5 f6 17. exf6 gxf6 18. Qe1 Bh6 19. Bxh6 Rxh6 20. Nf4 0-0-0 21. b4 Qd6 22. bxc5 Qxc5 23. Qb4 b6 24. Rab1 Rd7 25. Qxc5+ bxc5 26. Rb5 e6 27. Rxc5+ Rc7 28. Rxc7+ Kxc7 29. Rb1 Rh8 30. Kf2 Rd8 31. Rb4 Rd6 32. Ke1 Ra6 33. Rb3 Ra5 34. Kd2 f5 35. Nxe6+ Kd6 36. Nxd4 fxe4 37. dxe4 Kc5 38. Ke3 Ra4 39. Rc3+ Kd6 40. Nf3 Be6 41. Kf4 Bd5 42. Ng5 Bc4 43. Nxh3 1-0

[Event "GER-chT Seniors 18th"]
[Site "Finsterbergen"]
[Date "2009.09.13"]
[Round "2"]
[White "Meinke, Dietlind"]
[Black "Schlag, Franz"]
[Result "0-1"]
[WhiteElo "1891"]
[BlackElo "2103"]
[PlyCount "52"]
[EventDate "2009.09.12"]
[EventType "team-swiss"]
[EventRounds "7"]
[EventCountry "GER"]
[SourceTitle "CBM 132 Extra"]
[Source "ChessBase"]
[SourceDate "2009.11.03"]
[SourceVersion "1"]
[SourceVersionDate "2009.11.03"]
[SourceQuality "1"]

1. e4 e5 2. Nf3 Nc6 3. Bb5 Nge7 4. 0-0 g6 5. c3 Bg7 6. d4 0-0 7. dxe5 Nxe5 8. Nxe5 Bxe5 9. f4 Bf6 10. Be3 d5 11. Bd4 Bxd4+ 12. Qxd4 dxe4 13. Qxe4 c6 14. Bc4 Re8 15. Bb3 Bg4 16. Qb4 b6 17. Na3 Be2 18. Rf2 Nf5 19. Nc2 a5 20. Qa3 a4 21. Bxa4 b5 22. Qc5 Rxa4 23. Qxc6 Re6 24. Qc5 Rae4 25. Nd4 Nxd4 26. cxd4 Rxd4 0-1